| 000 | 00443nam a2200169Ia 4500 | ||
|---|---|---|---|
| 008 | 131103s9999 xx 000 0 und d | ||
| 040 | _aLoreto College | ||
| 041 | _aEnglish | ||
| 082 |
_a994/POR _bLCLIB/19688 |
||
| 245 | _aFifty famous Australians | ||
| 260 |
_aMelbourne _bA Colorgravure _c[19?] |
||
| 300 |
_a464p. _b ill.,plates _c 21cm. |
||
| 650 | _aHistory | ||
| 651 | _aAustralia - History | ||
| 850 | _aLCLIB/994/POR | ||
| 942 | _cBK | ||
| 999 |
_c25089 _d75568 |
||